| 000 | 00618cam a2200217 4500500 | ||
|---|---|---|---|
| 005 | 20260405002844.0 | ||
| 041 | _afre | ||
| 042 | _adc | ||
| 100 | 1 | 0 |
_aTenaillon, Nicolas _eauthor |
| 245 | 0 | 0 | _aFonctionner ou exister ? |
| 260 | _c2018. | ||
| 500 | _a33 | ||
| 690 | _aFragilité | ||
| 690 | _aIllusion | ||
| 690 | _aIndividu | ||
| 690 | _aLiberté | ||
| 690 | _aLimites | ||
| 690 | _aMiguel Benasayag | ||
| 786 | 0 | _nPhilosophie magazine | 125 | 12 | 2018-12-01 | p. 53-53 | 1951-1787 | |
| 856 | 4 | 1 | _uhttps://shs.cairn.info/magazine-philosophie-magazine-2018-12-page-53?lang=fr&redirect-ssocas=7080 |
| 999 |
_c2061766 _d2061766 |
||